Systémová a operační analýza : (Vybrané modely a metody řešení na osobních počítačích) /

Hlavní autor: Hanuš, František, 1944-
Jazyk: Čeština
Vydáno: Praha : České vysoké učení technické, 1992
Vydání: 1. vyd.
Témata:
Fyzický popis: 196 s.
Knihy
Uloženo v:
LEADER 01370nam a22003732a 4500
001 000156641
003 CZ BrMZK
005 20260518093518.0
008 970103s1992 xr e p 0 cze d
015 |a cnb000066170 
035 |a (OCoLC)85679977 
040 |a BOA001  |b cze 
072 7 |a 004.4/.6  |x Programování. Software  |2 Konspekt  |9 23 
072 7 |a 37.016  |x Učební osnovy. Vyučovací předměty. Učebnice  |2 Konspekt  |9 22 
080 |a 519.8  |2 MRF 
080 |a 303.732.4  |2 MRF 
080 |a 004.42  |2 MRF 
080 |a (075.8)  |2 MRF 
100 1 |a Hanuš, František,  |d 1944-  |7 ntka172488 
245 1 0 |a Systémová a operační analýza :  |b (Vybrané modely a metody řešení na osobních počítačích) /  |c František Hanuš 
250 |a 1. vyd. 
260 |a Praha :  |b České vysoké učení technické,  |c 1992 
300 |a 196 s. 
650 0 7 |a operační výzkum  |7 ph115594  |2 czenas 
650 0 7 |a systémová analýza  |7 ph116372  |2 czenas 
650 0 7 |a programování  |7 ph115891  |2 czenas 
650 0 9 |a operations research  |2 eczenas 
650 0 9 |a system analysis  |2 eczenas 
650 0 9 |a programming  |2 eczenas 
655 7 |a učebnice vysokých škol  |7 fd133772  |2 czenas 
655 9 |a textbooks (higher)  |2 eczenas 
910 |a BOA001  |b TK-A-0248.784 
990 |a BK 
996 7 |b 2629986281  |c TK-A-0248.784  |l MZK  |r Sklad / do 24 hodin  |n 13  |w 000156641  |u 000010  |a 1  |e BOA001  |j MZK50  |s A